<?xml version='1.0' encoding='UTF-8'?>
  <record xmlns="http://www.loc.gov/MARC21/slim">
    <leader>00000cem a2200000 i 4500</leader>
    <controlfield tag="001">ocn902597148</controlfield>
    <controlfield tag="003">OCoLC</controlfield>
    <controlfield tag="005">20250104013849.7</controlfield>
    <controlfield tag="008">150130s1824    gw        e     0   ger d</controlfield>
    <datafield tag="040" ind1=" " ind2=" ">
      <subfield code="a">NLGGC</subfield>
      <subfield code="b">dut</subfield>
      <subfield code="e">fobidrtb</subfield>
      <subfield code="c">NLGGC</subfield>
      <subfield code="d">QGJ</subfield>
      <subfield code="d">OCLCO</subfield>
      <subfield code="d">OCLCL</subfield>
      <subfield code="d">OCLCQ</subfield>
    </datafield>
    <datafield tag="035" ind1=" " ind2=" ">
      <subfield code="a">(OCoLC)902597148</subfield>
    </datafield>
    <datafield tag="084" ind1=" " ind2=" ">
      <subfield code="a">74.13</subfield>
      <subfield code="2">bcl</subfield>
    </datafield>
    <datafield tag="245" ind1="0" ind2="0">
      <subfield code="a">Historischer Hand-Atlas zur Versinnlichung der allgemeinen Geschichte aller Voelker und Staaten :</subfield>
      <subfield code="b">nebst Zeitrechnungstafeln über die alte, mittlere, neuere und neueste Geschichte /</subfield>
      <subfield code="c">[entw. von F.W. Benicken] ; [gezeichnet von C. F. Weiland, in Stein gravirt von Ant. Falger].</subfield>
    </datafield>
    <datafield tag="260" ind1=" " ind2=" ">
      <subfield code="a">Weimar :</subfield>
      <subfield code="b">Verlag des G.S. Landesindustrie Comptoirs,</subfield>
      <subfield code="c">1824.</subfield>
    </datafield>
    <datafield tag="300" ind1=" " ind2=" ">
      <subfield code="a">1 atlas (1 titelbl. + 15 krt. in 24 losse bl.) :</subfield>
      <subfield code="b">lithogr., in kleur. ;</subfield>
      <subfield code="c">2-o.</subfield>
    </datafield>
    <datafield tag="336" ind1=" " ind2=" ">
      <subfield code="a">tekst</subfield>
      <subfield code="b">txt</subfield>
      <subfield code="2">rdacontent/dut</subfield>
    </datafield>
    <datafield tag="337" ind1=" " ind2=" ">
      <subfield code="a">zonder medium</subfield>
      <subfield code="b">n</subfield>
      <subfield code="2">rdamedia/dut</subfield>
    </datafield>
    <datafield tag="338" ind1=" " ind2=" ">
      <subfield code="a">band</subfield>
      <subfield code="b">nc</subfield>
      <subfield code="2">rdacarrier/dut</subfield>
    </datafield>
    <datafield tag="500" ind1=" " ind2=" ">
      <subfield code="a">Voor de krt. zie de afzonderlijke titels.</subfield>
    </datafield>
    <datafield tag="500" ind1=" " ind2=" ">
      <subfield code="a">Afmetingen van de meeste bldn. 67 x 61 cm.</subfield>
    </datafield>
    <datafield tag="500" ind1=" " ind2=" ">
      <subfield code="a">Op iedere kaart één of meer detailkaartjes.</subfield>
    </datafield>
    <datafield tag="650" ind1=" " ind2="7">
      <subfield code="a">Historische atlassen.</subfield>
      <subfield code="0">(NL-LeOCL)255965435.</subfield>
      <subfield code="2">gtt</subfield>
    </datafield>
    <datafield tag="655" ind1=" " ind2="7">
      <subfield code="a">Atlassen (vorm)</subfield>
      <subfield code="0">(NL-LeOCL)088141551.</subfield>
      <subfield code="2">gtt</subfield>
    </datafield>
    <datafield tag="700" ind1="1" ind2=" ">
      <subfield code="a">Benicken, Friedrich Wilhelm,</subfield>
      <subfield code="d">1783-1847.</subfield>
    </datafield>
    <datafield tag="700" ind1="1" ind2=" ">
      <subfield code="a">Weiland, Karl Ferdinand,</subfield>
      <subfield code="d">1782-1847.</subfield>
      <subfield code="1">https://id.oclc.org/worldcat/entity/E39PBJrgG48KXxPCmWmwkgHgrq</subfield>
    </datafield>
    <datafield tag="700" ind1="1" ind2=" ">
      <subfield code="a">Falger, Anton,</subfield>
      <subfield code="d">1791-ca. 1855.</subfield>
    </datafield>
    <datafield tag="936" ind1=" " ind2=" ">
      <subfield code="a">BATCHLOAD</subfield>
    </datafield>
  </record>